| 000 | 01842aam a2200313 i 4500 | ||
|---|---|---|---|
| 001 | 768714001 | ||
| 003 | CO-MdFUSB | ||
| 005 | 20250519110743.0 | ||
| 007 | ta | ||
| 008 | 200508t1999 nyu |||| |||| 00| 0 eng d | ||
| 020 | _a0859915587 | ||
| 040 |
_bspa. _aCO-MdFUSB _cCO-MdFUSB _dCO-MdFUSBC _erda |
||
| 041 | _aeng | ||
| 082 |
_223 _a248.22094 _bM489 |
||
| 245 | 1 | 4 |
_aThe medieval mystical tradition _b: england , Ireland and Wales _c/ editado por Marion Glasscoe |
| 264 | 1 |
_aInglaterra : _bD. S. Brewer, _c[1999] |
|
| 264 | 4 | _c©1999 | |
| 300 |
_a268 páginas _c; 23 cm |
||
| 336 |
_atexto _btxt _2rdacontent |
||
| 337 |
_2rdamedia _asin mediación _bn |
||
| 338 |
_2rdacarrier _avolumen _bnc |
||
| 505 | _aLa tradición mística medieval de Inglaterra, Irlandés y Gales - La topografía de la santidad en el Nauigatio Sancti Brendani - Inspiración, pneumatología y oficio poético en Gales medieval - El misticismo medieval: Un ejemplo de Gales - Los enfoques cistercienses y victorines a la contemplación - La espiritualidad carmelita en Inglaterra en el siglo XIV - Las vidas activas y contemplativas en Rolle, Cloud-autor y Hilton - La devoción al nombre de Jesús de Richard Rolle a Scale of Perfection I de Walter Hilton - Una nueva mirada a Speculum Inclusorum - La locura de Margery Kempe - El papel de la Virgen María y la estructura de la meditación en el Libro de Margery Kempe - Lectores religiosas femeninas y recepción textual de Myroure of Oure Ladye y Orcherd of Syon - Defensorium Sanctae Birgittae de Adam Easton - Textos místicos en la biblioteca de la abadía de Syon y la espiritualidad de los hermanos Syon | ||
| 563 | _aPasta dura | ||
| 653 | _aMisticismo -- Inglaterra -- Edad Media. | ||
| 700 |
_93588 _aGlasscoe, Marion. _eeditor |
||
| 942 | _cBK | ||
| 945 | _aJTF-925 | ||
| 999 |
_c45493 _d45493 |
||